MARC

LEADER 00000nam0a2200000 4500
001 278918
005 20231101235147.0
020 |a RU  |b 86-44234 
035 |a (RuTPU)RU\TPU\book\302196 
090 |a 278918 
100 |a 20141215d1986 m y0rusy5003 ca 
101 0 |a rus 
102 |a RU 
105 |a a j 000zy 
200 1 |a Производство металлических электродов  |e учебное пособие  |f Н. А. Тархов, З. А. Сидлин, А. Д. Рахманов 
210 |a Москва  |c Высшая школа  |d 1986 
215 |a 288 с.  |c ил. 
225 1 |a Профессионально-техническое образование 
606 1 |a Дуговая сварка  |x Оборудование  |2 stltpush  |3 (RuTPU)RU\TPU\subj\72753  |9 86157 
610 1 |a электроды 
610 1 |a сварочные электроды 
610 1 |a металлические электроды 
610 1 |a производство 
610 1 |a оборудование 
610 1 |a технологии 
610 1 |a покрытия 
610 1 |a учебные пособия 
675 |a 621.791.75.03(075.32)  |z rus  |v 4 
700 1 |a Тархов  |b Н. А.  |g Николай Алексеевич 
701 1 |a Сидлин  |b З. А.  |g Зиновий Абрамович 
701 1 |a Рахманов  |b А. Д.  |g Александр Дмитриевич 
801 0 |a RU  |b RuMRKP  |c 19950704  |g psbo 
801 1 |a RU  |b 63413507  |c 20141215 
801 2 |a RU  |b 63413507  |c 20170413  |g RCR 
942 |c BK